000 00339nam a2200133Ia 4500
008 151213s9999 xx 000 0 und d
100 _aKenneth Allott
245 _aMathew Arnold
_cKenneth Allott
260 _aHarlow Essex
_bthe British Council
_c1968
300 _a1872 p.
650 _aEnglish
700 _aKenneth Allott
999 _c1377
_d1377